=LDR 00000nam 2200000 4500 =001 NUTBA000000000005278 =005 20141027112545.0 =006 =007 =008 =035 ##$$a 0010-101400000000508 =040 ##$$a NBPDMAT =090 ##$$a 372.8 $b Akt a =245 ##$$a Aktivitas utama IPS untuk SMP/ MTs. kelas 8 semester 1/ $c Drs. W. Yanto, S.Pd. =260 ##$$a Jakarta : $b Pustaka Widya Utama, $c 2010 =300 ##$$a 80 hlm. : $b ilus. ; $c 29 cm. =650 ##$$a IPS SMP - Soal dan latihan =850 ##$$a NBPDMAT